| 000 | 00658nam a2200205Ia 4500 | ||
|---|---|---|---|
| 003 | GCL | ||
| 008 | 140319s9999 xx 000 0 ara d | ||
| 040 |
_aGCL / _cGCL |
||
| 082 | 0 | 4 |
_a235.1 _bم ت |
| 100 | 1 | _aمحمد منير حجاب | |
| 245 | 1 | 0 |
_aالتفسير الاعلامى لصحيح البخارى / _cمحمد منير حجاب |
| 260 |
_a[S.N] : _bدار الفجر الاسلامى ، _c1995 |
||
| 300 | _a170 ص | ||
| 490 |
_aسلسلة دراسات وبحوث اعلامية _v0 |
||
| 650 | 0 | 4 | _aالاسلام |
| 650 | 0 | 4 | _aصحيح البخارى |
| 650 | 0 | 4 | _aالحديث النبوى |
| 650 | 0 | 4 | _aالصحاح |
| 942 |
_2ddc _cBK |
||
| 999 |
_c30746 _d30746 |
||